Schodok zahraničného obchodu smeruje k novému rekordu
V septembri došlo k miernemu spomaleniu tempa rastu zahraničnoobchodného deficitu. Narastajúci deficit zahraničného obchodu spôsobuje rýchlejší rast dovozu ako vývozu. K spomaleniu rastu exportu došlo predovšetkým vo vývoze osobných automobilov. Na strane dovozu prevláda vysoký import tovarov invest...
Gespeichert in:
| 1. Verfasser: | |
|---|---|
| Format: | Buchkapitel |
| Sprache: | Slowakisch |
| Schlagworte: | |
| Tags: |
Keine Tags, Fügen Sie das erste Tag hinzu!
|
MARC
| LEADER | 00000naa a2200000 4500 | ||
|---|---|---|---|
| 001 | r043252 | ||
| 005 | 20230921112304.9 | ||
| 041 | 0 | |a slo | |
| 044 | |a SK | ||
| 245 | 1 | 0 | |a Schodok zahraničného obchodu smeruje k novému rekordu |c Peter Apolen |
| 520 | |a V septembri došlo k miernemu spomaleniu tempa rastu zahraničnoobchodného deficitu. Narastajúci deficit zahraničného obchodu spôsobuje rýchlejší rast dovozu ako vývozu. K spomaleniu rastu exportu došlo predovšetkým vo vývoze osobných automobilov. Na strane dovozu prevláda vysoký import tovarov investičného charakteru. Riziká, ktoré môžu poznamenať vývoj zahraničného obchodu SR. | ||
| 610 | 2 | 0 | |a obchod zahraničný |
| 610 | 2 | 0 | |a deficit |
| 610 | 2 | 0 | |a dovoz |
| 610 | 2 | 0 | |a vývoz |
| 610 | 2 | 0 | |a automobily osobné |
| 610 | 2 | 0 | |a dovoz celkov investičných |
| 610 | 2 | 0 | |a Slovensko |
| 100 | 1 | |a Apolen, Peter | |